Electromagnetismo y circuitos eléctricos
Gardado en:
| Autor Principal: | |
|---|---|
| Formato: | Libro |
| Idioma: | Lingua castelá |
| Publicado: |
Madrid
McGraw-Hill
2005
|
| Edición: | 4a. ed |
| Subjects: | |
| Tags: |
Engadir etiqueta
Sen Etiquetas, Sexa o primeiro en etiquetar este rexistro!
|
MARC
| LEADER | 00000nam a2200000 a 4500 | ||
|---|---|---|---|
| 001 | UCJ1635 | ||
| 003 | CL-VaPUC | ||
| 008 | 061103e20050000SP |||||||||||||||||spa|d | ||
| 020 | |a 8448198433 | ||
| 082 | 0 | 4 | |a 537 |b FRA |2 21 |
| 100 | 0 | |a Fraile Mora, Jesús |e author |9 502344 | |
| 245 | 1 | 0 | |a Electromagnetismo y circuitos eléctricos |
| 250 | |a 4a. ed | ||
| 300 | |a 817 p | ||
| 942 | |c BK | ||
| 945 | |d 20061103 00:00:00 |a jtorresc | ||
| 260 | |a Madrid |b McGraw-Hill |c 2005 | ||
| 650 | 0 | |a Electromagnetismo |9 260123 | |
| 650 | 0 | |a Análisis vectorial |9 260451 | |
| 650 | 0 | |a Circuitos eléctricos |9 260262 | |
| 650 | 0 | |a Corriente |9 327716 | |
| 650 | 7 | |a CONDUCTORES |2 CL-VaPUC |9 327717 | |
| 583 | |a last modification |c 20061103 00:00:00 |k Rodrigo Vera | ||
| 999 | |c 318167 |d 318165 | ||
| 952 | |0 0 |1 0 |4 0 |6 537_000000000000000_FRA_2005 |7 0 |8 A |9 395540 |a BIBING |b BIBING |d 2019-11-22 |i 4293762 |l 2 |m 2 |o 537 FRA 2005 |p 4293762 |r 2025-01-20 |s 2024-05-23 |w 2019-11-22 |y BK |k CIC | ||
| 952 | |0 0 |1 0 |4 0 |6 537_000000000000000_FRA_2005 |7 0 |8 A |9 395541 |a BIBING |b BIBING |d 2019-11-22 |i 4300815 |o 537 FRA 2005 |p 4300815 |r 2025-01-20 |w 2019-11-22 |y BK |k EIE | ||
| 952 | |0 0 |1 0 |4 0 |6 537_000000000000000_FRA_2005 |7 0 |8 A |9 395542 |a BIBING |b BIBING |d 2019-11-22 |i 4300823 |l 1 |m 2 |o 537 FRA 2005 |p 4300823 |r 2025-01-20 |s 2024-04-19 |w 2019-11-22 |y BK |k EIE | ||
| 952 | |0 0 |1 0 |4 0 |6 537_000000000000000_FRA_2005 |7 0 |8 A |9 395543 |a BIBING |b BIBING |d 2019-11-22 |i 4300831 |o 537 FRA 2005 |p 4300831 |r 2025-01-20 |w 2019-11-22 |y BK |k EIE | ||
| 952 | |0 0 |1 0 |4 0 |6 537_000000000000000_FRA_2005 |7 0 |8 A |9 395544 |a BIBING |b BIBING |d 2019-11-22 |i 430084K |o 537 FRA 2005 |p 430084K |r 2025-01-20 |w 2019-11-22 |y BK |k EIE | ||
| 952 | |0 0 |1 0 |4 0 |6 537_000000000000000_FRA_2005 |7 0 |8 A |9 395545 |a BIBING |b BIBING |d 2019-11-22 |i 4300858 |o 537 FRA 2005 |p 4300858 |r 2025-01-20 |w 2019-11-22 |y BK |k EIE | ||
| 952 | |0 0 |1 0 |4 0 |6 537_000000000000000_FRA_2005 |7 0 |8 A |9 395546 |a BIBING |b BIBING |d 2019-11-22 |i 4365097 |o 537 FRA 2005 |p 4365097 |r 2025-01-20 |w 2019-11-22 |y BK |k EIE | ||
| 952 | |0 0 |1 0 |4 0 |6 537_000000000000000_FRA_2005 |7 0 |8 A |9 395547 |a BIBING |b BIBING |d 2019-11-22 |i 4637496 |o 537 FRA 2005 |p 4637496 |r 2025-01-20 |w 2019-11-22 |y BK |k EIE | ||